Catálogo
 En Linea
Vista normal Vista MARC

Entrada Nombre geográfico

Número de registros utilizados en: 1

001 - NÚMERO DE CONTROL

  • campo de control: 42729

003 - IDENTIFICADOR DEL NÚMERO DE CONTROL

  • campo de control: OSt

005 - FECHA Y HORA DE LA ÚLTIMA TRANSACCIÓN

  • campo de control: 20200615033912.0

008 - DATOS DE LONGITUD FIJA

  • campo de control de longitud fija: 200615|| aca||aabn | a|a d

040 ## - FUENTE DE LA CATALOGACIÓN

  • Centro catalogador/agencia de origen: OSt
  • Centro/agencia transcriptor: OSt

151 ## - ENCABEZAMIENTO--NOMBRE GEOGRÁFICO

  • Nombre geográfico: CUBA
  • Subdivisión general: INFLUENCIAS AFRÍCANAS

670 ## - FUENTE DE DATOS ENCONTRADOS

  • Cita de la fuente: Work cat.: (OSt)19632: Ortiz, Fernando, 1881-1996 42727, La africanía de la música folklórica cubana /, 2001.

Con tecnología Koha